000 00704nam a22001457a 4500
999 _c533156
_d533156
008 260427b ||||| |||| 00| 0 eng d
100 _a Ingole, Anagha
_960269
245 _aTranslation as archiving ideas and their form: Phule’s poetics on education
260 _aEconomic & Political Weekly
300 _a 61(8), Feb 21, 2026: p.26-27
520 _aThe Third Eye and Other Works: Mahatma Phule’s Writings on Education by Rohini Mokashi-Punekar, New Delhi: Orient BlackSwan, 2023; pp 248, ₹855.-Reproduced https://www.epw.in/journal/2026/8/book-reviews/translation-archiving-ideas-and-their-form.html
773 _aEconomic & Political Weekly
906 _aBOOK REVIEW
942 _cAR